000 00366nam a2200157 4500
005 20250710173114.0
008 cu123
020 _a0139601880
050 _aHD9685.U5S7 STU
_b1
100 _aSTUDEBAKER,M.John
245 _aSlashing utility cost handbook
250 _a2nd
260 _aFairmont Press
_bUnited States
_c1998
300 _axv,431p
942 _2lcc
_cBK
_n0
999 _c6909
_d6909